Manual de tratamientos fitosanitarios para cultivos de clima templado bajo riego Sección IV: Olivo /
Guardado en:
| Autor Principal: | |
|---|---|
| Autor Corporativo: | |
| Otros Autores: | |
| Formato: | Electrónico |
| Idioma: | Spanish |
| Publicado: |
Buenos Aires :
INTA,
2015.
|
| Materias: | |
| Acceso en línea: | Acceso a texto completo pdf Acceso a texto completo epub |
| Etiquetas: |
Agregar Etiqueta
Sin Etiquetas, Sea el primero en etiquetar este registro!
|
| LEADER | 01017nmm a22001815a 4500 | ||
|---|---|---|---|
| 001 | EEA.libagro010487 | ||
| 008 | 150901s2015####ag#########m########spa#d | ||
| 005 | 20200410194306.0 | ||
| 245 | 1 | 0 | |a Manual de tratamientos fitosanitarios para cultivos de clima templado bajo riego |h [recurso electrónico] : |b Sección IV: Olivo / |c Nello J. A. Cucchi, Violeta C. Becerra. |
| 260 | |a Buenos Aires : |b INTA, |c 2015. | ||
| 500 | |a Título tomado de inta.gob.ar (visto el 1 de septiembre de 2015). | ||
| 538 | |a Modo de acceso: World Wide Web. | ||
| 100 | 1 | |a Cucchi, Nello J. A. | |
| 700 | 1 | |a Becerra, Violeta C. | |
| 710 | 2 | |a Instituto Nacional de Tecnología Agropecuaria (Argentina) | |
| 655 | 7 | |a Libros electrónicos | |
| 856 | 4 | 0 | |3 Acceso a texto completo pdf |u http://inta.gob.ar/sites/default/files/script-tmp-inta%5Fmanual%5Fde%5Ftratamientos%5Ffitosanitarios%5Fpara%5Fculti.pdf |
| 856 | 4 | 0 | |3 Acceso a texto completo epub |u http://inta.gob.ar/sites/default/files/script-tmp-inta%5F-%5Fmanual%5Fde%5Ftratamientos%5Ffitosanitarios%5Fpara%5Fcul.epub |
